000 00377 a2200145 4500
005 20250628164349.0
020 _a0256087512
082 _a658.49 BEA
100 _aBEAMISH,W.P.
245 _aInternational Management: Text and Cases
260 _aNew York
_bIRWIN
_c1991
300 _axvi,592p.
_bIndex
_c23cm.
700 _aKILLING,J, LECRAW ,D. & CROOKELL,H.
942 _2ddc
_cBKS
999 _c6121
_d6121